| 000 | 00593nam a2200205 i 4500 | ||
|---|---|---|---|
| 001 | 81828 | ||
| 003 | ES-MaACL | ||
| 005 | 20250731063031.0 | ||
| 007 | t| | ||
| 008 | 041108m19851986sp ||||1| spa d | ||
| 020 | _a84-381-00-99-6 (T. 1) | ||
| 100 | 1 |
_aIglesias, Antonio, _d1918-2011 _9157818 |
|
| 245 | 1 | 0 |
_aEnrique Granados _b: su obra para piano / _cAntonio Iglesias. |
| 260 |
_aMadrid : _bAlpuerto, _c1985-1986. |
||
| 300 |
_a2 v. : _bil. ; _c22 cm. |
||
| 500 | _aIndices. | ||
| 504 | _aBibliografía. | ||
| 852 |
_aES-MaACL _jL-1183-4 _bR.113652 |
||
| 999 |
_c81828 _d81828 |
||